Planets, major, dwarf, and minor - Statistics

General Stats
  • This quiz has been taken 16 times
  • The average score is 19 of 27
Answer Stats
Hint Answer % Correct
Earth
92%
Jupiter
92%
Mars
92%
Mercury
92%
Moon
92%
Pluto
92%
Sun
92%
Uranus
92%
Venus
92%
Neptune
83%
Saturn
83%
Ceres
75%
Eris
67%
Haumea
67%
Makemake
67%
Orcus
67%
Juno
58%
Pallas
58%
Sedna
58%
Vesta
58%
Gonggong
50%
Quaoar
50%
Salacia
50%
Hygiea
42%
Ixion
33%
Varuna
33%
Chiron
25%
No matching quizzes found
Score Distribution
Percent of People with Each Score
Percentile by Number Answered
Your Score History
You have not taken this quiz